Giàu nghèo trong nông thôn hiện nay

Guardat en:
Dades bibliogràfiques
Format: Llibre
Idioma:Undetermined
Publicat: Hà Nội Nông nghiệp 1993
Matèries:
Etiquetes: Afegir etiqueta
Sense etiquetes, Sigues el primer a etiquetar aquest registre!
Thư viện lưu trữ: Trung tâm Học liệu Trường Đại học Cần Thơ
LEADER 00473nam a2200157Ia 4500
001 CTU_5896
008 210402s9999 xx 000 0 und d
082 |a 339.2 
082 |b Gi111 
245 0 |a Giàu nghèo trong nông thôn hiện nay 
245 0 |c Nguyễn Văn Tiêm biên soạn 
260 |a Hà Nội 
260 |b Nông nghiệp 
260 |c 1993 
650 |a rural development - vietnam 
980 |a Trung tâm Học liệu Trường Đại học Cần Thơ